| 000 | 01340nam a2200421 a 4500 | ||
|---|---|---|---|
| 003 | AR-BaBNM | ||
| 005 | 20251128204806.0 | ||
| 008 | 082120s2002 ||||||||||||||000 | spa|| | ||
| 020 | _a84-331-0611-2 | ||
| 040 | _cAR-BaBNM | ||
| 111 | 2 | _aSeminario de acción tutorial del centro de profesores de Zafra | |
| 245 | 0 | 0 |
_aLa acción tutorial en educación secundaria _bprogramación y materiales básicos |
| 260 |
_aMadrid _bEscuela Española _c1993 |
||
| 300 |
_a287 p. _bcuadros |
||
| 500 | _aIntroducción de Luciano Feria y José María Lama | ||
| 500 | _aIncluye ejercicios y actividades propuestos en las programaciones de la tutoría | ||
| 504 | _aBibliografía: p.279-283 | ||
| 650 | 4 | _aTUTORIA | |
| 650 | 4 | _aDINAMICA DE GRUPO | |
| 650 | 4 | _aADOLESCENCIA | |
| 650 | 4 | _aENTREVISTAS | |
| 650 | 4 | _aCOMUNICACION | |
| 650 | 4 | _aCURRICULO | |
| 650 | 4 | _aORIENTACION PROFESIONAL | |
| 650 | 4 | _aGRUPOS | |
| 650 | 4 | _aPARTICIPACION | |
| 650 | 4 | _aCONDUCTA DEL GRUPO | |
| 650 | 4 | _aMETODOS DE ENSEÑANZA | |
| 650 | 4 | _aTECNICAS DE ENSEÑANZA | |
| 650 | 4 | _aTRABAJO EN EQUIPO | |
| 650 | 4 | _aSEMINARIOS [METODO PEDAGOGICO] | |
| 650 | 4 | _aPROGRAMACION PEDAGOGICA | |
| 653 | _aEDUCACION SECUNDARIA | ||
| 653 | _aORIENTACION EDUCATIVA | ||
| 700 | 1 |
_aNúñez de Lemus, Andrés _eprologuista |
|
| 942 | _cBK | ||
| 998 | _csole | ||
| 999 |
_c8847 _d8847 |
||